South and South East Asia Map Quiz - Statistics

General Stats
  • This quiz has been taken 527 times
  • The average score is 14 of 19
Answers on the Map
Answers color-coded by a green-red scale on the quiz's map according to % correct below.
 
Answer Stats
Answer % Correct
India
86%
Indonesia
81%
Phillipines
81%
Vietnam
79%
Singapore
75%
Sri Lanka
75%
Thailand
74%
Malaysia
73%
Afghanistan
72%
Cambodia
72%
Laos
71%
Myanmar
71%
Nepal
71%
Pakistan
70%
The Republic of Maldives
69%
Bangladesh
66%
Timor-Leste
66%
Bhutan
62%
Brunei
62%
No matching quizzes found
Score Distribution
Percent of People with Each Score
Percentile by Number Answered
Your Score History
You have not taken this quiz